000 01250nam a2200325Ia 4500
001 ebr10135445
003 CaPaEBR
006 m u
007 cr cn|||||||||
008 030807s2004 nyua sb 001 0 eng d
010 _z 2003060876
020 _z140398090X
020 _z1403963908
020 _z1403963916 (pbk.)
040 _aCaPaEBR
_cCaPaEBR
035 _a(OCoLC)560189260
050 1 4 _aJZ5588
_b.U55 2004eb
245 0 4 _aThe United Nations and global security
_h[electronic resource] /
_cedited by Richard M. Price and Mark W. Zacher.
260 _aNew York :
_bPalgrave Macmillan,
_c2004.
300 _axvi, 288 p. :
_bill.
504 _aIncludes bibliographical references and index.
533 _aElectronic reproduction.
_bPalo Alto, Calif. :
_cebrary,
_d2009.
_nAvailable via World Wide Web.
_nAccess may be limited to ebrary affiliated libraries.
610 2 0 _aUnited Nations.
650 0 _aSecurity, International.
655 7 _aElectronic books.
_2local
700 1 _aPrice, Richard M.
_q(Richard MacKay),
_d1964-
700 1 _aZacher, Mark W.
710 2 _aebrary, Inc.
856 4 0 _uhttp://site.ebrary.com/lib/rucke/Doc?id=10135445
_zAn electronic book accessible through the World Wide Web; click to view
999 _c187603
_d187603